LEADER 01035nam a2200229 u 4500 001 000000016766 003 CaOOAMICUS 005 20070226110029.0 008 941012s1766 it u000 u lat u 035 $a10391851 040 $aPUL$bita 100 1 $aBallerini, Pietro,$csac.,$d1698-1769.$0(OLS)http://pul/name/15209 245 10$aDe vi ac ratione primatus Romanorum Pontificum et de ipsorum infallibilitate in definiendis controversiis Fidei liber singularis.. 260 $aVerona :$bMoroni,$c1766. 300 $axxvi, 361 p. ;$c25 cm 610 24$aPapi.$0(OLS)http://pul/subject/11932 850 $aPUL 852 $aPUL$W1$xDP1 Fondo Maccarrone$y58$m1505 G 16$j23597$nBK-PRI$b $qFondi$B23597$CPULBib$Z2$F23597 $82 941 1 $a1 961 $aINV: 01650 -- Fondo Mons. M. Maccarrone 996 $6245$aDe vi ac ratione primatus Romanorum Pontificum et de ipsorum infallibilitate in definiendis controversiis Fidei liber singularis..$9(OLS)http://pul/title/23953 996 $6260$aVerona :$bMoroni$9(OLS)http://pul/publisher/55143 LEADER 01502nam a2200313 u 4500 001 000000047211 003 CaOOAMICUS 005 20070226114847.0 008 990729s1924 be u000 u lat u 035 $a10831325 040 $aPUL(R)$bita 100 0 $aGiuseppe dello Spirito Santo,$dm. 1736.$0(OLS)http://pul/name/34330 245 10$aMistica Isagoge, hoc est brevis totius mysticae theologiae synopsis.$nPrima par tomi primi,$pCursus theologiae mystico-scholasticae /$cauctore P. Fr. Josepj a Spiritu Sancto. 250 $aeditio sexta 260 $aBrugis :$bCarolum Beyaert,$c1924. 300 $a136 p. :$bant. (ritr.) ;$c1924 490 1 $aBibliotheca Carmelitana 504 $aBibliografia in nota. 650 4$aMisticismo.$0(OLS)http://pul/subject/2407 700 0 $aAnastasio a S. Paulo.$0(OLS)http://pul/name/34331 740 0 $aCursus theologiae mystico-scholasticae. 830 0$aBibliotheca Carmelitana.$0(OLS)http://pul/title/63545 850 $aPUL 852 $aPUL$W1$xSL Religione 1$y3$m41 E 59$j63124$nBK-PRI$b $qStampati$B63124$CPULBib$Z2$F63124 $H $81 941 1 $a8 961 $aINV: 54722 996 $6245$aMistica Isagoge, hoc est brevis totius mysticae theologiae synopsis.$nPrima par tomi primi,$pCursus theologiae mystico-scholasticae$9(OLS)http://pul/title/63544 996 $6740$aCursus theologiae mystico-scholasticae$9(OLS)http://pul/title/63546 996 $6260$aBrugis :$bCarolum Beyaert$9(OLS)http://pul/publisher/66835